Little Beauties : (Record no. 580350)

MARC details
000 -LEADER
fixed length control field 00445nam a2200193 a 4500
008 - FIXED-LENGTH DATA ELEMENTS--GENERAL INFORMATION
fixed length control field 250811s2005##################000#0#eng##
020 ## - INTERNATIONAL STANDARD BOOK NUMBER
ISBN 9780743271821
082 04 - DEWEY DECIMAL CLASSIFICATION NUMBER
Classification number 978.020922
Item number MCM
100 1# - MAIN ENTRY--AUTHOR NAME
Personal name Addonizio, Kim,
245 10 - TITLE STATEMENT
Title Little Beauties :
260 ## - PUBLICATION, DISTRIBUTION, ETC. (IMPRINT)
Year of publication 2005.
300 ## - PHYSICAL DESCRIPTION
Number of Pages 242 pages
650 #0 - SUBJECT ADDED ENTRY--TOPICAL TERM
Topical Term Fiction.
942 ## - ADDED ENTRY ELEMENTS (KOHA)
Koha item type English Books
Holdings
Withdrawn status Lost status Damaged status Not for loan Home library Current library Shelving location Date acquired Full call number Accession Number Price effective from Koha item type
        Anna Centenary Library Anna Centenary Library 7TH FLOOR, B WING 11.08.2025 978.020922 MCM 456342 11.08.2025 English Books

Find us on the map